[Event "Ticino op"]
[Site "Ticino"]
[Date "1990.11.03"]
[Round "5"]
[White "Chiong Zacarias, Romero Luis"]
[Black "Sanchez Almeyra, Jorge"]
[Result "0-1"]
[WhiteElo "2380"]
[BlackElo "2380"]
[Annotator "Bulletin"]
[PlyCount "68"]
[EventDate "1990.11.01"]
[EventType "swiss"]
[EventRounds "7"]
[EventCountry "SUI"]
[SourceTitle "EXT 2000"]
[Source "ChessBase"]
[SourceDate "1999.11.16"]
[SourceVersion "1"]
[SourceVersionDate "1999.11.16"]
[SourceQuality "1"]

1. d4 Nf6 2. c4 g6 3. Nc3 d5 4. cxd5 Nxd5 5. e4 Nxc3 6. bxc3 Bg7 7. Nf3 c5 8.
Rb1 O-O 9. Be2 Nc6 10. d5 Bxc3+ 11. Bd2 Bxd2+ 12. Qxd2 Na5 13. h4 Bg4 14. h5
Bxf3 15. gxf3 e5 $1 16. Qc3 $1 f6 17. hxg6 hxg6 18. f4 Kg7 $1 19. fxe5 b6 20.
e6 Qd6 21. Qxa5 $3 bxa5 22. Rb7+ Kg8 23. Rhh7 Rfe8 $1 24. Rbg7+ Kf8 25. Rf7+
Kg8 26. Rfg7+ Kf8 27. Rxg6 $4 $138 (27. Rd7 $1) 27... Rxe6 28. dxe6 Qxe6 29.
Bh5 $6 Qxe4+ 30. Kf1 Qh1+ 31. Ke2 Re8+ $1 32. Kd3 Qe4+ 33. Kc3 Qd4+ 34. Kc2
Qxf2+ 0-1

[Event "EU-chT (Men) 10th"]
[Site "Debrecen"]
[Date "1992.11.??"]
[Round "8.3"]
[White "Sokolovs, Andrei"]
[Black "Ostenstad, Berge"]
[Result "1/2-1/2"]
[WhiteElo "2565"]
[BlackElo "2455"]
[Annotator "Bulletin"]
[PlyCount "45"]
[EventDate "1992.11.20"]
[EventType "team-swiss"]
[EventRounds "9"]
[EventCountry "HUN"]
[SourceTitle "EU-chT"]
[Source "ChessBase"]
[SourceDate "1999.07.01"]
[SourceVersion "2"]
[SourceVersionDate "1999.07.01"]
[SourceQuality "1"]
[WhiteTeam "Latvia"]
[BlackTeam "Norway"]
[WhiteTeamCountry "LAT"]
[BlackTeamCountry "NOR"]

1. d4 Nf6 2. c4 g6 3. Nc3 d5 4. cxd5 Nxd5 5. Bd2 Bg7 6. e4 Nb6 7. Be3 O-O 8. h3
e5 9. Nf3 (9. d5 $5 c6 10. Qb3 cxd5 11. exd5 $13) 9... exd4 10. Nxd4 (10. Bxd4)
10... Qe7 11. Qc2 Bd7 12. Nb3 Re8 13. Be2 Nc6 14. O-O Be6 15. Rad1 Nb4 16. Qb1
Bxb3 17. axb3 Qe6 18. Nb5 Qe7 19. Qc1 Na6 20. Nc3 Nb4 21. Nb5 Na6 22. Nc3 Nb4
23. Nb5 1/2-1/2

[Event "Porz Citroen-Cup"]
[Site "Cologne"]
[Date "1992.??.??"]
[Round "9"]
[White "Chuchelov, Vladimir"]
[Black "Grimm, Sascha"]
[Result "1-0"]
[WhiteElo "2490"]
[BlackElo "2325"]
[Annotator "Bulletin"]
[PlyCount "57"]
[EventDate "1992.08.??"]
[EventType "tourn"]
[EventRounds "9"]
[EventCountry "GER"]
[EventCategory "9"]
[SourceTitle "CBM 031"]
[Source "ChessBase"]
[SourceDate "1992.12.01"]
[SourceVersion "1"]
[SourceVersionDate "1992.12.01"]
[SourceQuality "1"]

1. d4 Nf6 2. c4 g6 3. Nc3 d5 4. cxd5 Nxd5 5. e4 Nxc3 6. bxc3 Bg7 7. Bb5+ c6 8.
Ba4 O-O 9. Ne2 b5 (9... c5 $5) 10. Bb3 a5 11. O-O a4 12. Bc2 Nd7 13. f4 (13.
Be3 e5) 13... f5 14. exf5 gxf5 15. Ng3 Nb6 (15... e6 $5 16. Nh5 Bh8 17. Rf3 Nf6
$14) 16. Nh5 Bh8 17. Rf3 Nc4 (17... b4 $5 18. Rg3+ Kf7 $13) 18. Rg3+ Kf7 19.
Rh3 Qd5 20. Ng3 Kg8 21. Rh5 e6 22. Rg5+ Bg7 23. Nh5 Ra7 24. Bd3 h6 25. Rg3 Kh7
$2 26. Qg4 $1 Qd7 (26... Bxd4+ 27. cxd4 Qxd4+ 28. Kh1 Kh8 29. Qg6 Rh7 30. Rb1
Qf2 31. Bb2+ Nxb2 32. Nf6 $18) (26... Kh8 27. Qg6 Rff7 28. Nxg7 Rxg7 29. Qe8+
Kh7 30. Qxc8 $18) 27. Qg6+ Kh8 28. Nxg7 Qxg7 29. Qh5 1-0

[Event "URS-ch U26"]
[Site "Tbilisi"]
[Date "1989.??.??"]
[Round "?"]
[White "Shirov, Alexei"]
[Black "Akopian, Vladimir Eduardovic"]
[Result "1-0"]
[WhiteElo "2450"]
[BlackElo "2520"]
[Annotator "Bulletin"]
[PlyCount "63"]
[EventDate "1989.01.??"]
[EventType "tourn"]
[EventRounds "15"]
[EventCountry "URS"]
[EventCategory "9"]
[SourceTitle "CBM 012"]
[Source "ChessBase"]
[SourceDate "1989.10.01"]
[SourceVersion "1"]
[SourceVersionDate "1989.10.01"]
[SourceQuality "1"]

1. d4 Nf6 2. c4 g6 3. Nc3 d5 4. cxd5 Nxd5 5. e4 Nxc3 6. bxc3 Bg7 7. Nf3 c5 8.
Rb1 O-O 9. Be2 Qa5 10. O-O Qxa2 (10... cxd4 11. cxd4 Qxa2 12. Bg5 Nd7 (12...
Re8 13. Bb5 Bd7 14. Bxd7 Nxd7 15. Rxb7 Nf6 16. Qd3 a5 17. d5 a4 18. Ne5 Nxd5
19. exd5 Bxe5 20. Bxe7 $16 {Yrjola,J-Ostenstad,B/Gausdal/1988/}) 13. Bxe7 Re8
14. Ra1 Qe6 15. Bb4 a5 16. e5 Qd5 17. Qc1 b5 18. Rxa5 Rxa5 19. Bxa5 $16 {
Brenninkmeijer,J-Kouatly,B/Wijk-B/1987/}) 11. Bg5 Qe6 12. Qd3 (12. e5 Rd8 13.
Qa4 h6 $1 14. d5 Qg4 $1 15. Qxg4 Bxg4 16. Bxe7 Rxd5 17. h3 Rd7 18. Bxc5 Bf5 19.
Rbd1 Rxd1 20. Rxd1 Nc6 21. Bd6 $10 {remis; Ionov-Zernicki, Inf.40/574}) 12...
b6 {12...Qd6?! 13.Qe3; 12...Nd7 13.Qe3 Nf6 14.Ne5; 12...Rd8!?} 13. d5 $1 (13.
Qe3 Ba6 $1 14. d5 Qd6 15. c4 e5 $1 $17) 13... Qd6 14. e5 $1 (14. Qe3 e5 $17)
14... Bxe5 15. Nxe5 Qxe5 16. Qd2 $1 (16. f4 Qd6 17. Qe3 Re8 $17) 16... Qd6 (
16... Nd7 $5 17. Bf3 Qd6 18. Rfe1 f6 (18... Ne5 $2 19. Rxe5 $1 Qxe5 20. Re1 Qf5
21. d6 Bd7 22. dxe7 Rfe8 23. Bxa8 Rxa8 24. h3 $16) 19. Re6 fxg5 20. Rxd6 exd6
21. Re1 $1 a5 $1 $44) 17. Qe3 $1 Re8 18. Bf3 Nd7 19. Bf4 $5 (19. Rfe1 Nf6 20.
c4 Bf5 21. Ra1 (21. Rbd1 Bg4 22. Bxf6 Bxf3 23. Be5 Bxd1 24. Bxd6 exd6 25. Qc3
Be2 $44) 21... a6 $6 {>= 21...e5!} 22. h3 h5 $2 23. Bf4 Qd7 24. Be5 $1 $16 Kh7
$2 $138 25. Qf4 Rg8 $2 26. Qg5 $1 $18 Ne8 $2 27. Bf4 Rf8 28. Rxe7 Qd8 29. Qh6+
Kg8 30. Be5 {1-0; Epishin,V-Khenkin,I/URS-OT Barnaul/1988/ -> Inf.46/616})
19... Qf6 20. d6 Rb8 21. Rbd1 {; Khenkin Inf.46/616} (21. dxe7 $6 Rxe7 22. Qd2
Ne5 23. Bg5 Nxf3+ 24. gxf3 Rd7 25. Qxd7 Qxg5+ $19) 21... e5 $2 (21... Bb7 $5
22. Bxb7 (22. dxe7 $1 Rxe7 (22... Bxf3 $2 23. Rxd7 Bg4 24. Rxa7 Rbc8 25. Re1
$16) 23. Rxd7 $1 Rxe3 24. fxe3 Bxf3 25. Bxb8 Qxc3 26. Rxf3 Qe1+ 27. Rf1 Qxe3+
28. Kh1 Qe8 29. Rfd1 $1 $18) 22... Rxb7 23. Bg5 Qf5 24. Bxe7 $44) (21... e6 $1
22. Bc6 Qd8 23. Rfe1 b5 $5) 22. Bg5 Qg7 (22... Qf5 23. Be4 Qe6 24. Bd5 Qf5 25.
f4 $1) 23. Bh6 Qf6 24. Bc6 $1 $16 Re6 (24... Qd8 25. f4 Bb7 26. Bxd7 Qxd7 27.
fxe5 f5 $1 28. Bg5 Be4 29. Bf6 {/\ h2-h4-h5}) 25. Bg5 Qg7 26. f4 h6 (26... f6
27. f5 $1 gxf5 28. Bh6 Qg6 29. Rf3 f4 30. Rxf4 $1 $18) 27. Be7 exf4 28. Qxf4 g5
29. Qa4 Ne5 30. Bd5 Bb7 31. Qxa7 Nd7 32. Bxb7 1-0

[Event "EU-chT (Men) 10th"]
[Site "Debrecen"]
[Date "1992.11.??"]
[Round "3.2"]
[White "Bareev, Evgeny"]
[Black "Sokolov, Ivan"]
[Result "1-0"]
[WhiteElo "2635"]
[BlackElo "2630"]
[Annotator "Bulletin"]
[PlyCount "59"]
[EventDate "1992.11.20"]
[EventType "team-swiss"]
[EventRounds "9"]
[EventCountry "HUN"]
[SourceTitle "EU-chT"]
[Source "ChessBase"]
[SourceDate "1999.07.01"]
[SourceVersion "2"]
[SourceVersionDate "1999.07.01"]
[SourceQuality "1"]
[WhiteTeam "Russia"]
[BlackTeam "Bosnia&Herzegovina"]
[WhiteTeamCountry "RUS"]
[BlackTeamCountry "BIH"]

1. d4 Nf6 2. c4 g6 3. Nc3 d5 4. cxd5 Nxd5 5. e4 Nxc3 6. bxc3 Bg7 7. Bb5+ c6 8.
Ba4 O-O 9. Ne2 b6 10. O-O Bb7 11. Bg5 c5 12. d5 Qd6 13. Qd2 e6 (13... e5 14. c4
$14) (13... Nd7 14. Rad1 Ne5 15. f4 Nc4 16. Qc1 $14) 14. Rad1 c4 (14... exd5
15. Bf4 $1 $16) 15. Bh6 Na6 (15... Nd7 16. Bxg7 Kxg7 17. Qd4+ e5 18. Qxc4 Rac8
19. Qb4 $16) (15... Bxh6 16. Qxh6 e5 $14) 16. Bxg7 Kxg7 17. Ng3 Nc7 (17... exd5
18. exd5 Nc5 19. Bb5 $16) (17... e5 18. Bb5 Rac8 19. Qg5 Kh8 20. Bxa6 Bxa6 $14)
18. Qg5 h6 (18... Qd8 19. Qxd8 Rfxd8 20. d6 $16) (18... f6 19. Nh5+ Kh8 20.
Nxf6 exd5 21. e5 $16) 19. Nh5+ Kh7 20. Qf6 gxh5 21. e5 Qc5 22. Bc2+ Kg8 23.
Qxh6 f5 24. Qg6+ Kh8 25. Qxh5+ Kg7 26. Qg5+ Kf7 (26... Kh8 27. Qh6+ Kg8 28.
Qg6+ Kh8 29. Rd4) 27. dxe6+ Kxe6 28. Rd6+ Kxe5 (28... Qxd6 29. Qg6+) 29. Qe7+
Kf4 30. g3+ 1-0

[Event "URS-ch U26"]
[Site "Tbilisi"]
[Date "1989.??.??"]
[Round "?"]
[White "Dreev, Alexey"]
[Black "Epishin, Vladimir"]
[Result "1/2-1/2"]
[WhiteElo "2520"]
[BlackElo "2465"]
[Annotator "Bulletin"]
[PlyCount "31"]
[EventDate "1989.01.??"]
[EventType "tourn"]
[EventRounds "15"]
[EventCountry "URS"]
[EventCategory "9"]
[SourceTitle "CBM 012"]
[Source "ChessBase"]
[SourceDate "1989.10.01"]
[SourceVersion "1"]
[SourceVersionDate "1989.10.01"]
[SourceQuality "1"]

1. d4 Nf6 2. Nf3 g6 3. c4 Bg7 4. Nc3 d5 5. cxd5 Nxd5 6. e4 Nxc3 7. bxc3 c5 8.
Rb1 O-O 9. Be2 cxd4 10. cxd4 Qa5+ 11. Bd2 Qxa2 12. O-O b6 (12... Nd7 13. Bb4 {
13.Ra1; 13.Bb5} Nb6 $1 {Khalifman,A-Gavrikov,V/URS-ch/1988/1/2-1/2/28/ -> CBM
9,S.71}) 13. Qc1 Bb7 14. Bc4 Qa4 15. Bb5 Qa2 16. Bc4 (16. Re1 $5 Rc8 17. Qd1 e6
(17... Qc2 $5 18. Qe2 Qc7 19. Rec1 Qd8 20. Rxc8 Bxc8 $13 {Yusupov}) 18. Qe2 Nc6
19. Qe3 Rd8 $1 (19... e5 $2 20. d5 Nd4 21. Nxd4 exd4 22. Qf4 $16 {Khalifman,
A-Epishin,V/URS-YM Vilnius/1988/1/2-1/2/41/ -> CBM 7}) 20. Ra1 Qb2 $13 {
Epishin,V-Tseitlin,Mark/URS/1988/1/2-1/2/42/}) (16. Qe1 $6 Qc2 $1 17. d5 Ba6 $1
$17 {Yusupov,A-Kortschnoj,V/Reykjavik WCup/1988/1/2-1/2/42/ -> CBM 10,S.74})
1/2-1/2

[Event "URS-ch U26"]
[Site "Tbilisi"]
[Date "1989.??.??"]
[Round "?"]
[White "Anastasian, Ashot"]
[Black "Neverov, Valeriy"]
[Result "0-1"]
[WhiteElo "2475"]
[BlackElo "2430"]
[Annotator "Bulletin"]
[PlyCount "42"]
[EventDate "1989.01.??"]
[EventType "tourn"]
[EventRounds "15"]
[EventCountry "URS"]
[EventCategory "9"]
[SourceTitle "CBM 012"]
[Source "ChessBase"]
[SourceDate "1989.10.01"]
[SourceVersion "1"]
[SourceVersionDate "1989.10.01"]
[SourceQuality "1"]

1. d4 Nf6 2. c4 g6 3. Nc3 d5 4. cxd5 Nxd5 5. Bd2 $6 Bg7 6. e4 Nb6 7. Be3 O-O 8.
h3 f5 $1 9. exf5 Bxf5 10. Nf3 Nc6 11. Qb3+ $6 {>= 11.Be2} Kh8 12. O-O-O a5 13.
Ne5 a4 $1 14. Qb5 (14. Nf7+ $2 Rxf7 15. Qxf7 Qd7 $1 {/\ ...Rf8} 16. a3 Na5 $1 {
/\ ...Nb3}) 14... a3 15. b3 Qd6 {/\ 16...Ra5} 16. Nc4 Nxc4 17. Qxc4 Na5 18. Qb5
c5 $1 19. Qa4 (19. dxc5 Qe5 20. Bd4 Bh6+ $19) 19... Nc6 20. Qb5 Qf6 21. Qc4
cxd4 0-1

[Event "CHN-RUS Summit Men 7th"]
[Site "Ningbo"]
[Date "2010.08.07"]
[Round "3"]
[White "Potkin, Vladimir"]
[Black "Zhou, Jianchao"]
[Result "1-0"]
[WhiteElo "2626"]
[BlackElo "2668"]
[Annotator "CB"]
[PlyCount "55"]
[EventDate "2010.08.05"]
[EventType "schev"]
[EventRounds "5"]
[EventCountry "CHN"]
[SourceTitle "CBM 138"]
[Source "ChessBase"]
[SourceDate "2010.09.17"]
[SourceVersion "1"]
[SourceVersionDate "2010.09.17"]
[SourceQuality "1"]

1. d4 Nf6 2. c4 g6 3. Nc3 d5 4. cxd5 Nxd5 5. e4 Nxc3 6. bxc3 Bg7 7. Nf3 c5 8.
Be3 Qa5 9. Qd2 O-O 10. Rc1 Rd8 11. d5 e6 12. Bg5 f6 13. Bf4 exd5 14. exd5 Bf5
15. Be2 Be4 16. d6 Nd7 17. h4 h5 18. O-O Qa4 19. Rfe1 Kh7 20. Bb5 Qxb5 21. Rxe4
Nb6 22. Re7 Rd7 23. Rce1 Nc8 24. Re8 Nb6 25. R8e7 Nc8 26. R7e6 Qa4 {#} 27. Be5
$3 Rf7 ({Taking the piece with} 27... fxe5 {would lose to} 28. Ng5+ Kh6 (28...
Kg8 29. Re8+ Bf8 30. Qd5+ Kg7 31. Qxe5+ Kg8 32. Rxf8+ $1 Kxf8 33. Qh8#) (28...
Kh8 29. Re8+ Bf8 30. Rxf8+ Kg7 31. Ne6+ Kh7 32. Rh8+ Kxh8 33. Qh6+ Kg8 34. Qf8+
Kh7 35. Ng5#) 29. Ne4+ Kh7 30. Qg5 Nxd6 31. Qxg6+ Kg8 32. Nxc5 Qg4 33. Qxg4
hxg4 34. Nxd7 Nf5 35. Nxe5) 28. Qd3 $1 (28. Qd3 fxe5 (28... Z0 {White is
threatening mate with} 29. Ng5+ Kg8 (29... fxg5 30. Qxg6+ Kg8 31. Bxg7 Rxg7 32.
Re8+) 30. Qxg6 fxg5 31. Bxg7 Rxg7 32. Re8+) 29. Qxg6+ Kg8 30. Ng5 Nxd6 (30...
Qd7 31. Nxf7 Qxf7 32. Re8+) 31. Qh7+ Kf8 32. Nxf7 Nxf7 (32... Kxf7 33. Rxd6)
33. Rg6 Bh8 34. Qg8+ Ke7 35. Qxa8) 1-0

[Event "Corus-B"]
[Site "Wijk aan Zee"]
[Date "2010.01.24"]
[Round "8"]
[White "Giri, Anish"]
[Black "Howell, David"]
[Result "1-0"]
[WhiteElo "2588"]
[BlackElo "2606"]
[Annotator "CB"]
[PlyCount "79"]
[EventDate "2010.01.16"]
[EventType "tourn"]
[EventRounds "13"]
[EventCountry "NED"]
[EventCategory "16"]
[SourceTitle "CBM 135"]
[Source "ChessBase"]
[SourceDate "2010.03.17"]
[SourceVersion "1"]
[SourceVersionDate "2010.03.17"]
[SourceQuality "1"]

1. d4 Nf6 2. c4 g6 3. Nc3 d5 4. cxd5 Nxd5 5. e4 Nxc3 6. bxc3 Bg7 7. Nf3 c5 8.
Be3 Qa5 9. Qd2 O-O 10. Rc1 Rd8 11. d5 e6 12. Bg5 f6 13. Bf4 f5 14. Bc4 Qa4 15.
Qe2 b5 16. Bxb5 Qxe4 17. dxe6 (17. Qxe4 fxe4 18. dxe6 Bxe6 19. Nd2 a6 20. Ba4
Nd7 21. O-O Nf6 22. c4 Bd7 23. Bc2 Bf5 24. h3 Nh5 25. Be3 Bd4 26. Nxe4 Bxe3 27.
fxe3 Bxe4 28. Bxe4 Ra7 29. Bd5+ Kg7 30. Rb1 Nf6 31. e4 Re7 32. Rb6 Nxd5 33.
exd5 Re4 34. Rb7+ Kh6 35. Rff7 Rxc4 36. Rxh7+ Kg5 37. Rb6 Rf4 38. d6 Rd4 39.
Rc7 R8xd6 40. Rxc5+ Kh6 41. Rxd6 Rxd6 42. Ra5 Rf6 43. Kh2 Rc6 44. h4 Rd6 45.
Kh3 Rc6 46. g3 Rd6 47. Kg4 Rc6 48. Ra4 Rf6 49. Ra3 Rc6 50. Kf4 Kh5 51. Ra5+ Kh6
52. Re5 Rc4+ 53. Re4 Rc5 54. g4 Ra5 55. a4 Rd5 56. Rc4 Rd1 57. Ke5 Rh1 58. Kf6
Rf1+ 59. Ke7 Rh1 60. g5+ Kh5 61. Kf7 Rb1 62. a5 Rb5 63. Rc6 Rxa5 64. Rxg6 Kxh4
65. Kf6 Kg4 66. Rg8 Rf5+ 67. Ke6 Rxg5 {1/2-1/2 Moiseenko,A (2694)-Petrosian,T 
(2602)/Ohrid 2009/CBM}) 17... Bxe6 18. Ng5 Qxe2+ 19. Kxe2 Bxa2 20. Ra1 {
At this point, Fritz 12 was already announcing a near-decisive advantage for
White, as Black cannot avoid serious trouble on the a2-g8 diagonal. An
additional irony was that Giri's clock showed 1:44 at this point, some four
minutes more than he started the game with!} Bf7 21. Rhd1 Rc8 22. Nxf7 Kxf7 23.
Bc4+ Ke8 24. Be6 Nc6 25. Ra6 Ne7 26. Bd7+ Kf8 27. Bxc8 Rxc8 28. Rxa7 Bxc3 29.
Bg5 Nc6 30. Rxh7 Be5 {White is clearly winning comfortably.} 31. Rdd7 c4 32.
Bf4 Bb2 33. Rc7 Nd4+ 34. Kd2 Rxc7 35. Rxc7 c3+ 36. Kd3 Ne6 37. Bd6+ Kg8 38.
Rc8+ Kf7 39. Be5 Ba3 40. Kxc3 1-0

[Event "GBR-ch 100th"]
[Site "Torquay"]
[Date "2013.08.06"]
[Round "8"]
[White "Williams, Simon Kim"]
[Black "Howell, David"]
[Result "0-1"]
[WhiteElo "2481"]
[BlackElo "2639"]
[Annotator "CB"]
[PlyCount "130"]
[EventDate "2013.07.29"]
[EventType "swiss"]
[EventRounds "11"]
[EventCountry "ENG"]
[SourceTitle "CBM 155 Extra"]
[Source "ChessBase"]
[SourceDate "2013.08.26"]
[SourceVersion "1"]
[SourceVersionDate "2013.08.26"]
[SourceQuality "1"]

1. d4 Nf6 2. c4 g6 3. Nc3 d5 4. cxd5 Nxd5 5. e4 Nxc3 6. bxc3 Bg7 7. Nf3 c5 8.
Rb1 O-O 9. Be2 b6 10. O-O e6 11. Bg5 Qc7 12. Qd2 Bb7 13. Qe3 Nd7 14. h4 Nf6 15.
Nd2 h5 16. Bf4 Qe7 17. dxc5 bxc5 18. f3 Rfd8 19. Nb3 Rac8 20. Na5 Ba8 21. Ba6
e5 22. Bg5 Rc7 23. Bc4 Kh7 24. Rb5 Qd6 25. Nb3 Rdc8 26. Qc1 Nd7 27. Rd1 Qf8 28.
Na5 Nb6 29. Rb2 Nxc4 30. Nxc4 Bc6 31. Rd6 f6 32. Be3 Be8 33. Rbd2 Bf7 34. Na3
Qe8 35. Qd1 Rb7 36. Kh2 Be6 37. c4 Bf8 38. Nb5 Qf7 39. R6d3 Rc6 40. Nc3 Ra6 41.
Nd5 Kg7 42. Qc1 Rc6 43. Qa3 Qe8 44. Qa4 Rc8 45. Qa5 Qc6 46. Qc3 Re8 47. Rd1 Kf7
48. Bc1 Bg7 49. Qa5 Bf8 50. Be3 Rc8 51. Rb3 Rxb3 52. axb3 a6 53. Nc3 Rb8 54.
Na4 Rxb3 55. Bxc5 Bh6 56. Rd6 Qb7 57. Rxa6 Qd7 58. Rd6 Qb7 59. Bb6 $2 (59. Rxe6
Kxe6 60. Bg1 {Die Gabeldrohung auf c5 hätte die Partie entschieden. Neben
König und Dame wäre auch der Tb3 bedroht.} Bf8 61. Qd8 Be7 62. Qe8 $18) 59...
Qe7 60. Bc7 $2 (60. Rc6 {reichte noch zum Ausgleich:} Ra3 61. Bf2 Bd7 62. Qd5+
Be6 63. Qa5 $11) 60... f5 $19 {Der Angriff auf h4 entscheidet die Partie nun
für Schwarz.} 61. g3 Bf4 {Die Pointe.} 62. Kg2 Bxg3 63. Qd2 (63. Kxg3 f4+ 64.
Kg2 Qxh4 $19) 63... Qxh4 64. Rd7+ Kg8 65. Rd8+ Kg7 (65... Kg7 66. Rd7+ Bxd7 67.
Qxd7+ Kh6 68. Qd2+ f4) 0-1

[Event "EU-Cup 21st"]
[Site "Saint Vincent"]
[Date "2005.09.19"]
[Round "2.4"]
[White "Lautier, Joel"]
[Black "Dvoirys, Semen I"]
[Result "1-0"]
[WhiteElo "2672"]
[BlackElo "2589"]
[Annotator "CB"]
[PlyCount "59"]
[EventDate "2005.09.18"]
[EventType "team-swiss"]
[EventRounds "7"]
[EventCountry "ITA"]
[SourceTitle "CBM 110"]
[Source "ChessBase"]
[SourceDate "2006.01.31"]
[SourceVersion "1"]
[SourceVersionDate "2006.01.31"]
[SourceQuality "1"]
[WhiteTeam "Paris NAO"]
[BlackTeam "Beer Sheva"]
[WhiteTeamCountry "FRA"]
[BlackTeamCountry "ISR"]

1. d4 Nf6 2. c4 g6 3. Nc3 d5 4. cxd5 Nxd5 5. e4 Nxc3 6. bxc3 Bg7 7. Nf3 c5 8.
Rb1 O-O 9. Be2 Qa5 10. O-O Qxa2 11. Bg5 Bf6 {This move was invented by a
russian player A.Fominyh as You can see in our next comment .} 12. Bf4 {
It's hard to believe,but this natural move seems to be a novelty!} (12. Qd3
cxd4 13. cxd4 Qa5 14. Qe3 Qd8 15. d5 Nd7 16. Rfd1 Nb6 17. h3 Bxg5 18. Qxg5 Kg7
19. Nd4 e6 20. Qg3 exd5 21. exd5 Qxd5 22. Nb5 Qa2 23. Qc3+ f6 24. Bf3 Bf5 25.
Ra1 Qc4 26. Qxc4 Nxc4 27. Bxb7 Rab8 {was 1/2-1/2 in Gorelov,S-Fominyh,A/
Katowice 1991}) ({and} 12. Bh6 Rd8 13. d5 Nd7 14. Bf4 Nb6 15. Bc7 Rd7 16. Ra1
Qb2 17. Be5 c4 18. Rb1 Qa3 19. Qd2 Rd8 20. Qf4 Bxe5 21. Nxe5 Rf8 22. Qe3 Qd6
23. Qd4 Bd7 24. Nxc4 Nxc4 25. Bxc4 Qc7 26. e5 Rac8 27. Ba2 b6 28. c4 Qc5 29.
Qd2 e6 30. h4 exd5 31. cxd5 Qc2 32. Qxc2 Rxc2 33. Bb3 Re2 34. Rfe1 Rxe1+ 35.
Rxe1 Rc8 36. e6 fxe6 37. dxe6 Be8 38. g4 a5 39. Re4 b5 40. e7+ Kg7 41. g5 a4
42. Be6 Rc7 43. Bd5 Rd7 44. Ba2 Rd2 45. Be6 a3 46. Kg2 a2 47. Re1 Re2 {was 0-1
in Sherbakov,R-Fominyh,A/Perm 1997.}) 12... Bg7 $6 {Giving a whole tempo to
the already better developed side just cannot be good .} (12... cxd4 13. cxd4
Nc6 14. d5 Rd8 {looks like a normal "gruenfeld" play.}) 13. Qd3 cxd4 14. cxd4
Qa5 {Black suddenly starts to worry about his queen and looses two more tempi
to bring her home .} 15. Rfc1 Qd8 {Funny position ! Black is a pawn up,he has
two connected passed pawns on the queenside,but he is heavily behind in
development with almost all his pieces on initial squares . On the other hand
White has central majority and all his pieces are already in action,so we can
say that he has more than enough compensation for a pawn.} 16. d5 Nd7 17. Bc7
Qe8 18. Qa3 Nf6 {The only way to finish development,since "Fominyh's" move} (
18... Nb6 {is not available anymore .}) 19. Ne5 a6 ({Of course not} 19... Nxe4
$4 20. Bb5 {with mate to the queen .}) 20. f3 Nd7 21. Nc4 ({Probably better was
} 21. Nxd7 Bxd7 (21... Qxd7 $2 22. Bb5) 22. Rxb7 {with a clear plus .}) 21...
Bd4+ ({Black should try to untangle himself with} 21... b5 22. Na5 e6 {and if}
23. Nc6 {then} Bb7) 22. Kh1 f6 {Now Bd4 is exposed and cut off from other
black pieces .} 23. f4 (23. Bb6 Nxb6 24. Nxb6 Rb8 ({or} 24... Bxb6 25. Rxb6 {
with a complete paralisation .}) 25. Nxc8 Rxc8 26. Rxb7 Rxc1+ 27. Qxc1 Be5 {
is,of course,clearly better for White,but could have some drawish tendencies .}
) 23... Bc5 24. Qg3 Ra7 $6 (24... b5 {immediately looks better .}) 25. Ba5 b5
26. Nd2 Bd6 27. Bg4 Kh8 {Diagram # Already short on time Black overlooks a
central blow,but his position was difficult anyway .} 28. e5 fxe5 29. fxe5 Bxe5
30. Qe3 ({Black was counting on} 30. Bxd7 Bxg3 31. Bxe8 Rxe8 32. hxg3 Rd7 {
with some practical chances to survive,but after the text move he was obliged
to give up because he cannot avoid heavy material losses .}) 1-0